000 00427nam a2200145 4500
999 _c508561
_d508561
008 190401b ||||| |||| 00| 0 eng d
100 _aLovo, Stefania
_93972
245 _aEffect of environmental decentralization on polluting firms in India
260 _c2018
300 _ap.55-94.
650 _aPollution
_93123
773 _aEconomic Development and Cultural Change
906 _aEnvironment - India
942 _2ddc
_cAR